| 000 | 00794nam a2200241Ia 4500 | ||
|---|---|---|---|
| 003 | GCL | ||
| 008 | 140319s9999 xx 000 0 ara d | ||
| 040 |
_aGCL / _cGCL |
||
| 082 | 0 | 4 |
_a811.4 _bأ أ |
| 100 | 1 | _aمحمد حمود | |
| 245 | 1 | 0 |
_aالاصمعيات / _cمحمد حمود |
| 700 | 1 | _aالاصمعى، ابوسعيد عبدالملك بن قريب، 740- 831 م | |
| 250 | _aالاولى | ||
| 260 |
_aبيروت : _bدار الفكر اللبنانى ، _c1998 |
||
| 300 |
_a256 ص ؛ _c24 سم |
||
| 490 |
_aدواوين العرب _v0 |
||
| 650 | 0 | 4 | _aالشعر العربى |
| 650 | 0 | 4 | _aالشعر الجاهلى |
| 650 | 0 | 4 | _aالشعراء العرب |
| 650 | 0 | 4 | _aالاصمعى |
| 650 | 0 | 4 | _aالشعر العربى - دواوين وقصائد |
| 942 |
_2ddc _cBK |
||
| 999 |
_c4808 _d4808 |
||